00459nam a22001457a 4500020002200000082001400022100001900036245004700055260004700102300000800149650002300157942000700180952010900187999001700296 a978-8-184-00658-2 a923.1 MAS aMasani, Zareer aMacaulay: Pioneer of India's Modernization aGurgaon, IndiabPenguin Random Housec2012 a269 aMacaulay-Biography cBK 00104070aHMIbHMIcGENd2017-11-03eKohinoorg399.00l0o923.1 MASp25387r2017-11-08w2017-11-08yBK c20739d20739